LEADER 05017nam 2200793 a 450 001 9911019403203321 005 20200520144314.0 010 $a9786613025180 010 $a9781118102756 010 $a1118102754 010 $a9781283025188 010 $a1283025183 010 $a9780470889879 010 $a047088987X 010 $a9780470889886 010 $a0470889888 024 7 $a10.1002/9780470889886 035 $a(CKB)3400000000000273 035 $a(EBL)698777 035 $a(SSID)ssj0000471368 035 $a(PQKBManifestationID)12166766 035 $a(PQKBTitleCode)TC0000471368 035 $a(PQKBWorkID)10435379 035 $a(PQKB)11640703 035 $a(MiAaPQ)EBC698777 035 $a(MiAaPQ)EBC4031947 035 $a(CaBNVSL)mat05751604 035 $a(IDAMS)0b0000648151125b 035 $a(IEEE)5751604 035 $a(OCoLC)711782112 035 $a(PPN)263004236 035 $a(Perlego)1014766 035 $a(EXLCZ)993400000000000273 100 $a20100407d2011 uy 0 101 0 $aeng 135 $aur|n|---||||| 181 $ctxt 182 $cc 183 $acr 200 10$aMillimeter wave communication system /$fKao-Cheng Huang, Zhaocheng Wang 210 $aHoboken, N.J. $cWiley-IEEE Press$d2011 215 $a1 online resource (293 p.) 225 1 $aIEEE series on digital & mobile communication ;$v16 300 $aDescription based upon print version of record. 311 08$a9780470404621 311 08$a0470404620 320 $aIncludes bibliographical references at the end of each chapters and index. 327 $aMillimeter Wave Characteristics -- Review of Modulations for Millimeter Wave Communications -- Millimeter Wave Transceivers -- Millimeter Wave Antennas -- Millimeter Wave Mimo -- Advanced Diversity Over Mimo Channels -- Advanced Beam Steering and Beam Forming -- Single-Carrier Frequency Domain Equalization -- Appendix: Simulation Tools. 330 $a"The aim of this book is to present the modern design and analysis principles of millimeter-wave communication system for wireless devices and to give postgraduates and system professionals the design insights and challenges when integrating millimeter wave personal communication system. Millimeter wave communication system are going to play key roles in modern gigabit wireless communication area as millimeter-wave industrial standards from IEEE, European Computer Manufacturing Association (ECMA) and Wireless High Definition (Wireless HD) Group, are on their way to the market. The book will review up-to-date research results and utilize numerous design and analysis for the whole system covering from Millimeter wave frontend to digital signal processing in order to address major topics in a high speed wireless system. This book emphasizes the importance and the requirements of high-gain antennas, low power transceiver, adaptive equalizer/modulation, channeling coding and adaptive multi-user detection for gigabit wireless communications. In addition, the book will include the updated research literature and patents in the topics of transceivers, antennas, MIMO, channel capacity, coding, equalizer, Modem and multi-user detection. Finally the application of these antennas will be discussed in light of different forthcoming wireless standards at V-band and E-band"--$cProvided by publisher. 330 $a"The aim of this book is to present the modern design and analysis principles of millimeter-wave communication system for wireless devices and to give postgraduates and system professionals the design insights and challenges when integrating millimeter wave personal communication system. Millimeter wave communication system are going to play key roles in modern gigabit wireless communication area as millimeter-wave industrial standards from IEEE, European Computer Manufacturing Association (ECMA) and Wireless High Definition (Wireless HD) Group, are on their way to the market. The book will review up-to-date research results and utilize numerous design and analysis for the whole system covering from Millimeter wave frontend to digital signal processing in order to address major topics in a high speed wireless system"--$cProvided by publisher. 410 0$aIEEE series on digital & mobile communication ;$v16 606 $aMillimeter waves 606 $aMillimeter wave communication systems 606 $aGigabit communications$xEquipment and supplies 606 $aRadio$xReceivers and reception 615 0$aMillimeter waves. 615 0$aMillimeter wave communication systems. 615 0$aGigabit communications$xEquipment and supplies. 615 0$aRadio$xReceivers and reception. 676 $a621.384 700 $aHuang$b Kao-Cheng$01612571 701 $aWang$b Zhaocheng$f1968-$01343976 801 0$bMiAaPQ 801 1$bMiAaPQ 801 2$bMiAaPQ 906 $aBOOK 912 $a9911019403203321 996 $aMillimeter wave communication system$94420708 997 $aUNINA